000 00423nam a22001337a 4500
008 140910b xxu||||| |||| 00| 0 eng d
050 _aKD1815.A2.L57(1978 vol. 2)
245 _aLloyd's Law Reports (1978 vol. 2). /
_cedited by M.M. D'Souza and G.M. Hall
260 _aLondon:
_bLloyd's of London Press Ltd,
_c1978.
300 _ax,647p.:
_c24cm.
440 _vVol. 2
800 _aD'Souza, M.M.
_aHall, G.M.
942 _2lcc
_cBK
999 _c4511
_d12011